| 000 -LEADER |
| fixed length control field |
00497nam a22001817a 4500 |
| 008 - FIXED-LENGTH DATA ELEMENTS--GENERAL INFORMATION |
| fixed length control field |
131031b xxu||||| |||| 00| 0 ger d |
| 020 ## - INTERNATIONAL STANDARD BOOK NUMBER |
| International Standard Book Number |
3486223550 |
| 041 0# - LANGUAGE CODE |
| Language code of text/sound track or separate title |
ger |
| 080 ## - UNIVERSAL DECIMAL CLASSIFICATION NUMBER |
| Universal Decimal Classification number |
330.101.541 |
| 100 1# - Rafti |
| Rafti |
Rittenbruch, Klaus |
| 245 10 - TITLE STATEMENT |
| Title |
Makroökonomie / |
| Statement of responsibility, etc |
Klaus Rittenbruch |
| 250 ## - |
| -- |
8. Auflage |
| 260 ## - |
| -- |
Munchen : |
| -- |
R. Oldenbourg ; |
| -- |
1993. |
| 300 ## - |
| -- |
366 f. : |
| -- |
me il. ; |
| -- |
24 cm. |
| 505 ## - |
| -- |
Literaturhinweise zu kapitel 14 : f. 358 |
| 650 ## - |
| -- |
Makroekonomia |
| 942 ## - ADDED ENTRY ELEMENTS (KOHA) |
| Source of classification or shelving scheme |
|
| Item type |
Books |